Estatísticas para Os 15 principais países com mortes por Covid19 - 4 de maio

Clique aqui para jogar o quiz

Estatísticas Gerais

  • Esse quiz foi jogado 3 vezes
  • A pontuação média é 18 de 21

Estatísticas das Respostas

país% Correto
Alemanha
100%
Brasil
100%
Canadá
100%
China
100%
Equador
100%
Espanha
100%
Estados Unidos
100%
França
100%
Irlanda
100%
México
100%
Portugal
100%
Reino Unido
100%
Turquia
100%
Bélgica
67%
Itália
67%
Países Baixos
67%
Suécia
67%
Suécia
67%
Suíça
67%
Dinamarca
33%
Irão
33%

Distribuição das Pontuações

Percentil de Números Respondidos

Porcentagem de Pessoas com Cada Pontuação

Sua Pontuação Histórica

Você não jogou esse quiz